000
00344pam a2200157a 44500
008
230515b2002 xxu||||| |||| 00| 0 eng d
020
_a
NULL
041
_a
ENGLISH
082
_a
N.D.
100
_a
Ramamrutham S.
245
_a
Strength Of Materials
250
_a
0
260
_a
NULL
_b
Dhanpat Rai
_c
2002
300
_a
964
650
_a
NULL
999
_c
584640
_d
584640